[Event "Northumbria Masters Open"]
[Site "Newcastle"]
[Date "2021.08.27"]
[Round "2.9"]
[White "Willmoth, Robert F"]
[Black "Mosnegutu, Klauss"]
[Result "1/2-1/2"]
[WhiteElo "2116"]
[BlackElo "2235"]
[PlyCount "89"]
[EventDate "2021.08.26"]
[EventType "swiss"]
[EventRounds "9"]
[EventCountry "ENG"]
[SourceTitle "The Week in Chess 1399"]
[Source "Mark Crowther"]
[SourceDate "2021.08.30"]
[SourceVersion "1"]
[SourceVersionDate "2021.08.30"]
[SourceQuality "2"]

1. d4 Nf6 2. c4 e6 3. g3 Bb4+ 4. Bd2 c5 5. Bxb4 cxb4 6. d5 exd5 7. cxd5 O-O 8.
Bg2 d6 9. Qd4 a5 10. Nf3 Re8 11. e3 Bg4 12. Nbd2 Bxf3 13. Bxf3 Nbd7 14. O-O Qb6
15. Qxb6 Nxb6 16. a3 Nfxd5 17. axb4 Nxb4 18. Bxb7 Ra7 19. Bf3 a4 20. Rfc1 Rc8
21. Rxc8+ Nxc8 22. Rc1 Nb6 23. Rc3 Kf8 24. e4 Ke7 25. Bd1 Kd8 26. Ra3 Ra8 27.
b3 Rc8 28. Kf1 Rc1 29. Ke2 Nc2 30. Bxc2 Rxc2 31. Kd3 axb3 32. Rxb3 Rc6 33. Rc3
Rxc3+ 34. Kxc3 Ke7 35. Kd4 Ke6 36. f4 f5 37. Nf3 h6 38. h3 Nd7 39. exf5+ Kxf5
40. Nh4+ Kf6 41. Kd5 g5 42. fxg5+ hxg5 43. Nf3 g4 44. hxg4 Ne5 45. Nxe5 1/2-1/2

[Event "Northumbria Masters Open"]
[Site "Newcastle"]
[Date "2021.08.27"]
[Round "2.10"]
[White "Jones, Steven A"]
[Black "Milson, Samuel A"]
[Result "1-0"]
[WhiteElo "2234"]
[BlackElo "2106"]
[PlyCount "65"]
[EventDate "2021.08.26"]
[EventType "swiss"]
[EventRounds "9"]
[EventCountry "ENG"]
[SourceTitle "The Week in Chess 1399"]
[Source "Mark Crowther"]
[SourceDate "2021.08.30"]
[SourceVersion "1"]
[SourceVersionDate "2021.08.30"]
[SourceQuality "2"]

1. d4 d5 2. Nf3 Nf6 3. c4 c6 4. e3 Bf5 5. Nc3 e6 6. Nh4 Bg6 7. Nxg6 hxg6 8. Bd2
Nbd7 9. g3 Be7 10. b3 e5 11. Bg2 exd4 12. exd4 dxc4 13. bxc4 Nb6 14. d5 Nxc4
15. dxc6 Qxd2+ 16. Qxd2 Nxd2 17. cxb7 Rd8 18. Bc6+ Kf8 19. O-O-O Ba3+ 20. Kc2
Ke7 21. Rxd2 Rxd2+ 22. Kxd2 Bd6 23. Nb5 Bb8 24. Re1+ Kd8 25. h4 a6 26. Nd4 Bd6
27. Rb1 Kc7 28. Bf3 Nd7 29. Rc1+ Kb8 30. Nc6+ Kxb7 31. Ne5+ Ka7 32. Nxd7 Rd8
33. Bc6 1-0

[Event "Northumbria Masters Open"]
[Site "Newcastle"]
[Date "2021.08.27"]
[Round "2.11"]
[White "Yoon, Jacob D"]
[Black "Dong Bao Nghia"]
[Result "0-1"]
[WhiteElo "2116"]
[BlackElo "2227"]
[PlyCount "98"]
[EventDate "2021.08.26"]
[EventType "swiss"]
[EventRounds "9"]
[EventCountry "ENG"]
[SourceTitle "The Week in Chess 1399"]
[Source "Mark Crowther"]
[SourceDate "2021.08.30"]
[SourceVersion "1"]
[SourceVersionDate "2021.08.30"]
[SourceQuality "2"]

1. e4 c6 2. d4 d5 3. Nc3 dxe4 4. Nxe4 Nf6 5. Nxf6+ exf6 6. c3 Bd6 7. Bd3 O-O 8.
Ne2 Re8 9. O-O Nd7 10. Bf4 Nf8 11. Bxd6 Qxd6 12. Ng3 Ng6 13. Qf3 Be6 14. Nf5
Qf4 15. Qxf4 Nxf4 16. Bc2 Bxf5 17. Bxf5 Re2 18. g3 Nd5 19. Rab1 Rae8 20. Bd3
R2e7 21. Rfd1 g6 22. Kf1 Nb6 23. Bc2 f5 24. Bb3 f4 25. gxf4 Re4 26. Re1 Kf8 27.
f5 g5 28. Bc2 Rf4 29. Rxe8+ Kxe8 30. Re1+ Kf8 31. f6 Rxf6 32. Bxh7 Rh6 33. Be4
Rxh2 34. Ke2 Rh4 35. Bc2 Nd5 36. Rg1 f6 37. Kf3 Rh3+ 38. Kg4 Nf4 39. Rg3 Rh2
40. Rf3 Kf7 41. Kf5 Nh3 42. Bb3+ Kg7 43. Ke6 g4 44. Rxf6 Rxf2 45. Rxf2 Nxf2 46.
d5 g3 47. d6 Ne4 48. d7 Nc5+ 49. Kf5 Nxd7 0-1

[Event "Northumbria Masters Open"]
[Site "Newcastle"]
[Date "2021.08.27"]
[Round "2.12"]
[White "Bezuidenhout, Roland"]
[Black "Bansal, Rohan"]
[Result "1-0"]
[WhiteElo "2196"]
[BlackElo "2042"]
[PlyCount "99"]
[EventDate "2021.08.26"]
[EventType "swiss"]
[EventRounds "9"]
[EventCountry "ENG"]
[SourceTitle "The Week in Chess 1399"]
[Source "Mark Crowther"]
[SourceDate "2021.08.30"]
[SourceVersion "1"]
[SourceVersionDate "2021.08.30"]
[SourceQuality "2"]

1. e4 e6 2. Qe2 c5 3. Nf3 g6 4. g3 Bg7 5. Bg2 Nc6 6. O-O Nge7 7. d3 O-O 8. Re1
Nd4 9. Nxd4 cxd4 10. Nd2 d6 11. a4 Qc7 12. Nc4 Bd7 13. Bf4 e5 14. Bd2 Be6 15.
b3 Rac8 16. f4 f6 17. a5 Rfd8 18. h3 Nc6 19. g4 d5 20. exd5 Bxd5 21. Bxd5+ Rxd5
22. Qe4 Rcd8 23. f5 g5 24. Kf2 Bf8 25. h4 h6 26. hxg5 hxg5 27. Rh1 R5d7 28. Rh5
Rh7 29. Rxh7 Qxh7 30. Rh1 Qd7 31. Bxg5 fxg5 32. f6 Qf7 33. Qf5 Bg7 34. fxg7
Qxf5+ 35. gxf5 Kxg7 36. Kf3 Rd5 37. Ke4 Rc5 38. Rh5 Kf6 39. Rh6+ Kf7 40. Rh7+
Kf6 41. Rxb7 Nxa5 42. Rxa7 Nxc4 43. bxc4 g4 44. Ra6+ Kg5 45. Rg6+ Kh5 46. Rg8
Kh4 47. f6 Rc7 48. Rg7 Rc8 49. f7 Rf8 50. Kxe5 1-0

[Event "Northumbria Masters Open"]
[Site "Newcastle"]
[Date "2021.08.27"]
[Round "2.13"]
[White "Fegan, Chris"]
[Black "Sowray, Peter John"]
[Result "0-1"]
[WhiteElo "2034"]
[BlackElo "2196"]
[PlyCount "67"]
[EventDate "2021.08.26"]
[EventType "swiss"]
[EventRounds "9"]
[EventCountry "ENG"]
[SourceTitle "The Week in Chess 1399"]
[Source "Mark Crowther"]
[SourceDate "2021.08.30"]
[SourceVersion "1"]
[SourceVersionDate "2021.08.30"]
[SourceQuality "2"]

1. d4 d5 2. Bf4 Nf6 3. e3 e6 4. Bd3 Bd6 5. Ne2 O-O 6. O-O c5 7. c3 Nc6 8. a3 e5
9. Bg3 Bg4 10. dxc5 Bxc5 11. b4 Bd6 12. Nd2 e4 13. Bc2 Bxg3 14. hxg3 Qe7 15.
Nb3 Qe5 16. Nbd4 Qh5 17. f3 Nxd4 18. Nf4 Qg5 19. Qxd4 exf3 20. gxf3 Bh3 21. Kf2
Bxf1 22. Rxf1 Rfe8 23. Rh1 Qe5 24. Qd3 Rac8 25. Ne2 g6 26. Rh4 Re7 27. f4 Ne4+
28. Kg2 Qc7 29. f5 Qe5 30. fxg6 hxg6 31. Bb3 Nxc3 32. e4 Nxe2 33. Qxe2 Rc3 34.
Qd1 0-1

[Event "Northumbria Masters Open"]
[Site "Newcastle"]
[Date "2021.08.27"]
[Round "2.14"]
[White "Turner, Max N"]
[Black "Boswell, Jacob Connor"]
[Result "0-1"]
[WhiteElo "2182"]
[BlackElo "2012"]
[PlyCount "174"]
[EventDate "2021.08.26"]
[EventType "swiss"]
[EventRounds "9"]
[EventCountry "ENG"]
[SourceTitle "The Week in Chess 1399"]
[Source "Mark Crowther"]
[SourceDate "2021.08.30"]
[SourceVersion "1"]
[SourceVersionDate "2021.08.30"]
[SourceQuality "2"]

1. d4 d5 2. c4 c6 3. Nf3 Nf6 4. e3 a6 5. Nbd2 Bf5 6. Be2 h6 7. O-O e6 8. b3 Be7
9. Bb2 O-O 10. Re1 Nbd7 11. a3 a5 12. Nf1 Ne4 13. Bd3 a4 14. b4 dxc4 15. Bxc4
Nd6 16. Bd3 Bxd3 17. Qxd3 b5 18. Qc2 Nc4 19. N1d2 Ndb6 20. Nxc4 Nxc4 21. Nd2
Nxd2 22. Qxd2 c5 23. bxc5 Bxc5 24. Qe2 Bd6 25. Reb1 Qc7 26. Rc1 Qe7 27. e4 Qd7
28. d5 exd5 29. exd5 Rfe8 30. Qd3 Be5 31. Rab1 Rad8 32. Bxe5 Rxe5 33. Rxb5 Rxd5
34. Rxd5 Qxd5 35. Qxd5 Rxd5 36. Kf1 Rd3 37. Ra1 f5 38. Ke2 Rb3 39. Kd2 Kf7 40.
Rc1 Rxa3 41. Rc6 h5 42. h4 Rb3 43. f4 Rg3 44. Ra6 Rxg2+ 45. Ke3 Rg4 46. Ra7+
Kg6 47. Ra6+ Kh7 48. Ra5 g6 49. Kd4 Rxf4+ 50. Ke5 Rxh4 51. Kf6 Rb4 52. Kg5 Rb6
53. Rxa4 Kg7 54. Ra7+ Kf8 55. Rc7 f4 56. Kxf4 Rb5 57. Ra7 Rf5+ 58. Kg3 Rf7 59.
Ra6 Kg7 60. Kh4 Rf6 61. Ra7+ Kh6 62. Ra5 g5+ 63. Kg3 Rb6 64. Rc5 Rb3+ 65. Kg2
h4 66. Kh2 Kh5 67. Rc4 Rb5 68. Ra4 Rf5 69. Kg2 Rf4 70. Ra2 Kg4 71. Kh2 h3 72.
Ra3 Rf2+ 73. Kg1 Rg2+ 74. Kh1 Rb2 75. Ra4+ Kg3 76. Ra1 g4 77. Ra3+ Kh4 78. Ra4
Re2 79. Rb4 Kg3 80. Rb3+ Kf2 81. Kh2 Re3 82. Rb2+ Kf3 83. Rb1 Re2+ 84. Kh1 g3
85. Ra1 Re3 86. Rf1+ Ke2 87. Ra1 Rd3 0-1

[Event "Northumbria Masters Open"]
[Site "Newcastle"]
[Date "2021.08.27"]
[Round "2.15"]
[White "Murphy, Ryan"]
[Black "Eggleston, Thomas A"]
[Result "0-1"]
[WhiteElo "1977"]
[BlackElo "2178"]
[PlyCount "120"]
[EventDate "2021.08.26"]
[EventType "swiss"]
[EventRounds "9"]
[EventCountry "ENG"]
[SourceTitle "The Week in Chess 1399"]
[Source "Mark Crowther"]
[SourceDate "2021.08.30"]
[SourceVersion "1"]
[SourceVersionDate "2021.08.30"]
[SourceQuality "2"]

1. e4 e6 2. d4 d5 3. e5 c5 4. c3 Nc6 5. Nf3 Qb6 6. Bd3 cxd4 7. O-O Nge7 8. Re1
Nf5 9. Bxf5 exf5 10. cxd4 Be6 11. Nc3 h6 12. h4 Be7 13. h5 g5 14. hxg6 fxg6 15.
Na4 Qb5 16. Nc5 Bxc5 17. dxc5 Qxc5 18. Be3 Qe7 19. Rc1 Kf7 20. Bc5 Qd7 21. b4
Rac8 22. Qa4 a6 23. Bd6 g5 24. Qd1 Ne7 25. Nd4 Ng6 26. Rc5 Nf4 27. g3 Nh3+ 28.
Kg2 g4 29. Nxe6 Qxe6 30. Qxd5 Qxd5+ 31. Rxd5 Ke6 32. Rc5 Rxc5 33. bxc5 Ng5 34.
Rb1 Rh7 35. Rb6 Kd5 36. Rb3 Nf3 37. Rd3+ Ke6 38. Rd1 h5 39. Bb8 Rd7 40. Bd6 Ng5
41. Rh1 Rh7 42. Rd1 Ne4 43. Rh1 Nc3 44. a3 Nb5 45. a4 Nd4 46. Rb1 a5 47. Rd1
Nc6 48. Rh1 Nb4 49. Rd1 Nd5 50. Rb1 f4 51. gxf4 Nxf4+ 52. Kg3 Ne2+ 53. Kg2 h4
54. Rb2 Nd4 55. Rb1 Rf7 56. Rd1 Rf4 57. Rb1 h3+ 58. Kg3 Ne2+ 59. Kh4 h2 60. Rh1
g3+ 0-1

[Event "Northumbria Masters Open"]
[Site "Newcastle"]
[Date "2021.08.27"]
[Round "2.16"]
[White "Merriman, John"]
[Black "Lim, Mark"]
[Result "1-0"]
[WhiteElo "2245"]
[BlackElo "1779"]
[PlyCount "63"]
[EventDate "2021.08.26"]
[EventType "swiss"]
[EventRounds "9"]
[EventCountry "ENG"]
[SourceTitle "The Week in Chess 1399"]
[Source "Mark Crowther"]
[SourceDate "2021.08.30"]
[SourceVersion "1"]
[SourceVersionDate "2021.08.30"]
[SourceQuality "2"]

1. d4 d5 2. c4 c6 3. Nc3 Nf6 4. e3 e6 5. Nf3 Bd6 6. Qc2 O-O 7. Bd2 Nbd7 8.
O-O-O dxc4 9. Bxc4 b5 10. Bd3 Bb7 11. Kb1 e5 12. dxe5 Nxe5 13. Nxe5 Bxe5 14. f4
Bc7 15. Ne4 g6 16. Bb4 Nd5 17. Bxf8 Qxf8 18. Rhe1 Bb6 19. Qf2 Re8 20. Qh4 Qb4
21. Nf6+ Nxf6 22. Qxf6 Re6 23. Qc3 Qe7 24. e4 c5 25. e5 Bxg2 26. f5 Rc6 27.
Bxb5 Rc7 28. f6 Qf8 29. e6 fxe6 30. Rxe6 Rc8 31. Bc4 Kf7 32. Re7# 1-0

[Event "Northumbria Masters Open"]
[Site "Newcastle"]
[Date "2021.08.27"]
[Round "2.18"]
[White "Verma, Aditya"]
[Black "Gillespie, Gary"]
[Result "1-0"]
[WhiteElo "2170"]
[BlackElo "1843"]
[PlyCount "57"]
[EventDate "2021.08.26"]
[EventType "swiss"]
[EventRounds "9"]
[EventCountry "ENG"]
[SourceTitle "The Week in Chess 1399"]
[Source "Mark Crowther"]
[SourceDate "2021.08.30"]
[SourceVersion "1"]
[SourceVersionDate "2021.08.30"]
[SourceQuality "2"]

1. e4 c6 2. d4 d5 3. e5 c5 4. dxc5 e6 5. a3 Nc6 6. Nf3 Bxc5 7. b4 Bb6 8. Bb2
Nge7 9. Bd3 Ng6 10. g3 O-O 11. O-O Bd7 12. Nbd2 f6 13. exf6 gxf6 14. c4 Nge5
15. Be2 Be8 16. b5 Nxf3+ 17. Nxf3 Ne7 18. Nd4 Bxd4 19. Qxd4 Bg6 20. Qg4 Qd6 21.
Rfd1 Rac8 22. a4 Rcd8 23. Bf3 h5 24. Qh3 Bf5 25. Qxh5 Bg6 26. Qh6 Kf7 27. Qh4
Kg7 28. cxd5 Rh8 29. Bxf6+ 1-0

[Event "Northumbria Masters Open"]
[Site "Newcastle"]
[Date "2021.08.27"]
[Round "2.19"]
[White "Green, Andrew D"]
[Black "Hosdurga, Chirag"]
[Result "1/2-1/2"]
[WhiteElo "2154"]
[BlackElo "1838"]
[PlyCount "54"]
[EventDate "2021.08.26"]
[EventType "swiss"]
[EventRounds "9"]
[EventCountry "ENG"]
[SourceTitle "The Week in Chess 1399"]
[Source "Mark Crowther"]
[SourceDate "2021.08.30"]
[SourceVersion "1"]
[SourceVersionDate "2021.08.30"]
[SourceQuality "2"]

1. c4 Nf6 2. g3 e5 3. Bg2 Nc6 4. Nc3 Bc5 5. a3 O-O 6. e3 d6 7. Nge2 Bg4 8. h3
Bh5 9. g4 Bg6 10. d4 Bb6 11. O-O Re8 12. d5 Nb8 13. Na4 Nbd7 14. Nxb6 Nxb6 15.
b3 a5 16. a4 Nbd7 17. Ng3 Nc5 18. f3 Nfd7 19. e4 Qh4 20. Kh2 h5 21. g5 f6 22.
f4 fxg5 23. f5 Bf7 24. f6 g6 25. Rf5 gxf5 26. Nxf5 Qf2 27. Be3 Qb2 1/2-1/2

[Event "Northumbria Masters Open"]
[Site "Newcastle"]
[Date "2021.08.27"]
[Round "2.20"]
[White "Modi, Shyam Jagdish"]
[Black "Merriman, James"]
[Result "1/2-1/2"]
[WhiteElo "2118"]
[BlackElo "1837"]
[PlyCount "83"]
[EventDate "2021.08.26"]
[EventType "swiss"]
[EventRounds "9"]
[EventCountry "ENG"]
[SourceTitle "The Week in Chess 1399"]
[Source "Mark Crowther"]
[SourceDate "2021.08.30"]
[SourceVersion "1"]
[SourceVersionDate "2021.08.30"]
[SourceQuality "2"]

1. d4 Nf6 2. c4 e6 3. g3 c5 4. d5 d6 5. Bg2 exd5 6. cxd5 g6 7. Nc3 Bg7 8. Nf3
O-O 9. O-O Re8 10. Bf4 Ne4 11. Nxe4 Rxe4 12. Nd2 Rxf4 13. gxf4 Bxb2 14. Rb1 Bg7
15. e4 Na6 16. Nc4 Rb8 17. Qd2 b5 18. Na5 Bd7 19. Rfe1 b4 20. Nc6 Bxc6 21. dxc6
Bc3 22. Qd3 Bxe1 23. Qxa6 Bd2 24. Qxa7 Rc8 25. e5 Bxf4 26. Bd5 Rc7 27. Qb6 Bxe5
28. Re1 Rc8 29. Qb7 Qc7 30. Qa6 Kg7 31. Re3 Re8 32. Kg2 Qc8 33. Qa7 Qg4+ 34.
Rg3 Bxg3 35. Qxf7+ Kh6 36. hxg3 Rc8 37. Be6 Qe4+ 38. Kh2 Qxc6 39. Qf4+ Kg7 40.
Qf7+ Kh6 41. Qf4+ Kg7 42. Qf7+ 1/2-1/2

[Event "Northumbria Masters Open"]
[Site "Newcastle"]
[Date "2021.08.27"]
[Round "2.21"]
[White "Dargan, Paul AG"]
[Black "Winter, Kevin"]
[Result "1-0"]
[WhiteElo "2064"]
[BlackElo "1735"]
[PlyCount "65"]
[EventDate "2021.08.26"]
[EventType "swiss"]
[EventRounds "9"]
[EventCountry "ENG"]
[SourceTitle "The Week in Chess 1399"]
[Source "Mark Crowther"]
[SourceDate "2021.08.30"]
[SourceVersion "1"]
[SourceVersionDate "2021.08.30"]
[SourceQuality "2"]

1. e4 d6 2. Nc3 Nd7 3. f4 Ngf6 4. Nf3 e5 5. d4 exd4 6. Qxd4 c6 7. Bd2 d5 8.
O-O-O Bc5 9. Qd3 Ng4 10. Be1 Be3+ 11. Kb1 Nc5 12. Qe2 Bxf4 13. exd5+ Qe7 14.
Qc4 Be3 15. Bh4 f6 16. Re1 b5 17. Qe2 b4 18. d6 Qxd6 19. h3 Ba6 20. Qd1 Qe7 21.
hxg4 bxc3 22. Bxa6 Nxa6 23. Qd3 O-O 24. Rxe3 Qb4 25. Qxc3 Qxg4 26. Qd4 Qc8 27.
Bg3 c5 28. Qd5+ Kh8 29. Qh5 h6 30. Bf4 Nb4 31. Bxh6 Qa6 32. Bxg7+ Kxg7 33. Qh7#
1-0

[Event "Northumbria Masters Open"]
[Site "Newcastle"]
[Date "2021.08.27"]
[Round "2.22"]
[White "Finn, Peter"]
[Black "Karas, Eugenia"]
[Result "1-0"]
[WhiteElo "1981"]
[BlackElo "1697"]
[PlyCount "81"]
[EventDate "2021.08.26"]
[EventType "swiss"]
[EventRounds "9"]
[EventCountry "ENG"]
[SourceTitle "The Week in Chess 1399"]
[Source "Mark Crowther"]
[SourceDate "2021.08.30"]
[SourceVersion "1"]
[SourceVersionDate "2021.08.30"]
[SourceQuality "2"]

1. e4 e6 2. d4 d5 3. Nc3 Nf6 4. e5 Nfd7 5. f4 c5 6. Nf3 Nc6 7. Be3 c4 8. f5 Qb6
9. Qd2 Be7 10. Be2 O-O 11. O-O Qa5 12. Qe1 exf5 13. Qg3 Rd8 14. Nh4 Bxh4 15.
Qxh4 Nf8 16. g4 fxg4 17. Bxg4 Bxg4 18. Qxg4 Ne6 19. Rf2 Rd7 20. Raf1 Qb6 21.
Qf3 Qa5 22. Qh3 Rad8 23. Ne2 Qb6 24. c3 a5 25. Nf4 Nxf4 26. Bxf4 Ne7 27. Bg5
Qe6 28. Qg2 Rf8 29. Bxe7 Qxe7 30. Qg4 Rdd8 31. Kh1 Qe6 32. Qg3 Qg6 33. Qe3 Qe6
34. Rg2 Rd7 35. Rf6 Qe7 36. Qh6 g6 37. Rg3 Rc8 38. Rh3 Qd8 39. Qxh7+ Kf8 40.
Re6 f5 41. Qh8+ 1-0

[Event "Northumbria Masters Open"]
[Site "Newcastle"]
[Date "2021.08.27"]
[Round "3.1"]
[White "Dong Bao Nghia"]
[Black "Petrov, Marian"]
[Result "1-0"]
[WhiteElo "2227"]
[BlackElo "2457"]
[PlyCount "71"]
[EventDate "2021.08.26"]
[EventType "swiss"]
[EventRounds "9"]
[EventCountry "ENG"]
[SourceTitle "The Week in Chess 1399"]
[Source "Mark Crowther"]
[SourceDate "2021.08.30"]
[SourceVersion "1"]
[SourceVersionDate "2021.08.30"]
[SourceQuality "2"]

1. d4 c5 2. c3 Nf6 3. Bf4 b6 4. e3 Bb7 5. h3 g6 6. Nf3 Bg7 7. a4 O-O 8. Nbd2 d6
9. Bc4 Nbd7 10. O-O a6 11. Bh2 Qc7 12. Qe2 Qc6 13. b4 d5 14. b5 Qc8 15. Bd3 Ne4
16. Rfc1 c4 17. Bxe4 dxe4 18. Ne1 Bd5 19. bxa6 Qxa6 20. Nc2 e6 21. Nb4 Qc8 22.
f3 f5 23. fxe4 fxe4 24. Bd6 Rf7 25. Rf1 Rxf1+ 26. Qxf1 Bh6 27. Qf2 Qd8 28. Rf1
Qe8 29. Kh1 Bg5 30. Qg3 Qd8 31. Nxd5 exd5 32. Qg4 Kg7 33. Qe6 Qe8 34. Qxd5 Bxe3
35. Nxc4 Bh6 36. Nxb6 1-0

[Event "Northumbria Masters Open"]
[Site "Newcastle"]
[Date "2021.08.27"]
[Round "3.2"]
[White "Clarke, Brandon G I"]
[Black "Jones, Steven A"]
[Result "1-0"]
[WhiteElo "2429"]
[BlackElo "2234"]
[PlyCount "63"]
[EventDate "2021.08.26"]
[EventType "swiss"]
[EventRounds "9"]
[EventCountry "ENG"]
[SourceTitle "The Week in Chess 1399"]
[Source "Mark Crowther"]
[SourceDate "2021.08.30"]
[SourceVersion "1"]
[SourceVersionDate "2021.08.30"]
[SourceQuality "2"]

1. e4 c5 2. Nf3 Nc6 3. d4 cxd4 4. Nxd4 Nf6 5. Nc3 e5 6. Ndb5 d6 7. Bg5 a6 8.
Na3 b5 9. Nd5 Be7 10. Bxf6 Bxf6 11. c3 O-O 12. Nc2 Bg5 13. a4 bxa4 14. Rxa4 a5
15. Bc4 Rb8 16. b3 Kh8 17. Nce3 g6 18. h4 Bxh4 19. g3 Bg5 20. f4 exf4 21. gxf4
Bh4+ 22. Kf1 f5 23. Ra2 fxe4 24. Rah2 g5 25. Qh5 Be6 26. Ke2 Rf7 27. fxg5 Bxg5
28. Qxf7 Bxf7 29. Rxh7+ Kg8 30. Nf5 Kf8 31. Rh8+ Bg8 32. Rxg8+ 1-0

[Event "Northumbria Masters Open"]
[Site "Newcastle"]
[Date "2021.08.27"]
[Round "3.3"]
[White "Sowray, Peter John"]
[Black "Arkell, Keith C"]
[Result "1-0"]
[WhiteElo "2196"]
[BlackElo "2382"]
[PlyCount "127"]
[EventDate "2021.08.26"]
[EventType "swiss"]
[EventRounds "9"]
[EventCountry "ENG"]
[SourceTitle "The Week in Chess 1399"]
[Source "Mark Crowther"]
[SourceDate "2021.08.30"]
[SourceVersion "1"]
[SourceVersionDate "2021.08.30"]
[SourceQuality "2"]

1. d4 Nf6 2. c4 c5 3. d5 e5 4. Nc3 d6 5. e4 g6 6. g3 Bg7 7. Bg2 a6 8. a4 b6 9.
Nf3 O-O 10. O-O Nbd7 11. Ne1 Nh5 12. Nd3 Kh8 13. Be3 Ndf6 14. f3 Ng8 15. Qd2 a5
16. Kh1 Ra7 17. Rae1 Re7 18. Qd1 f5 19. exf5 Bxf5 20. Nf2 Nhf6 21. Qd2 Ref7 22.
g4 Bc8 23. Nh3 h6 24. g5 hxg5 25. Nxg5 Re7 26. Qf2 Nh6 27. Qh4 Kg8 28. Bh3 Nf5
29. Bxf5 Bxf5 30. Rg1 Nh5 31. Nce4 Qd7 32. Rg2 Bxe4 33. Qxe4 Qf5 34. Qxf5 Rxf5
35. Ne4 Kh7 36. Reg1 Nf4 37. Bxf4 exf4 38. Rg4 g5 39. Rxg5 Bd4 40. Rg6 Rff7 41.
R1g4 Rf8 42. Kg2 Be5 43. h4 Rd7 44. b3 Rf5 45. Kh3 Rd8 46. R4g5 Rxg5 47. Rxg5
Kh6 48. Kg4 Kh7 49. Kf5 Kh6 50. Ke6 Kh7 51. Ke7 Ra8 52. Rxe5 dxe5 53. d6 Kg6
54. d7 Kh5 55. d8=Q Rxd8 56. Kxd8 Kxh4 57. Ke7 Kh3 58. Kf6 Kg2 59. Ng5 Kf2 60.
Kxe5 Ke3 61. Kd5 Kd3 62. Kc6 Kc3 63. Kxb6 Kxb3 64. Kb5 1-0

[Event "Northumbria Masters Open"]
[Site "Newcastle"]
[Date "2021.08.27"]
[Round "3.4"]
[White "Wells, Peter K"]
[Black "Bezuidenhout, Roland"]
[Result "1-0"]
[WhiteElo "2381"]
[BlackElo "2196"]
[PlyCount "53"]
[EventDate "2021.08.26"]
[EventType "swiss"]
[EventRounds "9"]
[EventCountry "ENG"]
[SourceTitle "The Week in Chess 1399"]
[Source "Mark Crowther"]
[SourceDate "2021.08.30"]
[SourceVersion "1"]
[SourceVersionDate "2021.08.30"]
[SourceQuality "2"]

1. d4 Nf6 2. Nf3 e6 3. c4 Bb4+ 4. Nc3 b6 5. Bg5 h6 6. Bh4 g5 7. Bg3 Ne4 8. Qc2
f5 9. d5 Bxc3+ 10. bxc3 d6 11. h4 g4 12. Nd2 Nxg3 13. fxg3 Qf6 14. e4 Na6 15.
Bd3 Nc5 16. O-O O-O 17. dxe6 Qe5 18. exf5 Qe3+ 19. Kh2 Nxd3 20. f6 Kh8 21. e7
Bb7 22. exf8=Q+ Rxf8 23. Nb3 Qe4 24. Rad1 Nc5 25. Qd2 Kg8 26. Nxc5 bxc5 27.
Rde1 1-0

[Event "Northumbria Masters Open"]
[Site "Newcastle"]
[Date "2021.08.27"]
[Round "3.5"]
[White "Basman, Michael J"]
[Black "Eggleston, Thomas A"]
[Result "1-0"]
[WhiteElo "2289"]
[BlackElo "2178"]
[PlyCount "61"]
[EventDate "2021.08.26"]
[EventType "swiss"]
[EventRounds "9"]
[EventCountry "ENG"]
[SourceTitle "The Week in Chess 1399"]
[Source "Mark Crowther"]
[SourceDate "2021.08.30"]
[SourceVersion "1"]
[SourceVersionDate "2021.08.30"]
[SourceQuality "2"]

1. g4 d5 2. h3 e5 3. Bg2 h5 4. d4 exd4 5. g5 c6 6. Nf3 Qa5+ 7. Nbd2 c5 8. O-O
Bd6 9. e3 dxe3 10. Nc4 Qd8 11. Qxd5 Bc7 12. Qxd8+ Kxd8 13. Bxe3 Nd7 14. Rad1
Ke8 15. Rfe1 Ne7 16. Nd6+ Bxd6 17. Rxd6 f6 18. Nh4 Kf7 19. g6+ Ke8 20. f4 a5
21. Bf2 Kd8 22. Bxc5 Ra6 23. Rxa6 Nxc5 24. Rxa5 Na6 25. Ra3 Re8 26. Rae3 Nb4
27. Rd1+ Kc7 28. a3 Nbc6 29. b4 Bd7 30. b5 Na5 31. Rc3+ 1-0

[Event "Northumbria Masters Open"]
[Site "Newcastle"]
[Date "2021.08.27"]
[Round "3.6"]
[White "Sedykh, Mikhail"]
[Black "Olson, Hamish"]
[Result "1/2-1/2"]
[WhiteElo "2124"]
[BlackElo "2246"]
[PlyCount "72"]
[EventDate "2021.08.26"]
[EventType "swiss"]
[EventRounds "9"]
[EventCountry "ENG"]
[SourceTitle "The Week in Chess 1399"]
[Source "Mark Crowther"]
[SourceDate "2021.08.30"]
[SourceVersion "1"]
[SourceVersionDate "2021.08.30"]
[SourceQuality "2"]

1. d4 d5 2. c4 e6 3. Nc3 Nf6 4. cxd5 exd5 5. Bg5 c6 6. e3 h6 7. Bh4 Be7 8. Bd3
O-O 9. Qc2 Re8 10. Nf3 Ne4 11. Bxe7 Qxe7 12. Bxe4 dxe4 13. Nd2 Bf5 14. O-O Nd7
15. b4 h5 16. a4 h4 17. h3 Nf6 18. Rab1 Rad8 19. b5 Nh7 20. Ne2 Rc8 21. Qb3 c5
22. dxc5 Rxc5 23. Rbc1 Rxc1 24. Rxc1 Qd7 25. Nd4 Ng5 26. Rc5 Ne6 27. Rxf5 Nxd4
28. Rd5 Nxb3 29. Rxd7 Nxd2 30. Rxd2 Rc8 31. Rd7 Rc1+ 32. Kh2 Rc4 33. a5 Ra4 34.
Rxb7 Rxa5 35. g3 Ra2 36. Kg2 hxg3 1/2-1/2

[Event "Northumbria Masters Open"]
[Site "Newcastle"]
[Date "2021.08.27"]
[Round "3.7"]
[White "Boswell, Jacob Connor"]
[Black "Verma, Aditya"]
[Result "1-0"]
[WhiteElo "2012"]
[BlackElo "2170"]
[PlyCount "109"]
[EventDate "2021.08.26"]
[EventType "swiss"]
[EventRounds "9"]
[EventCountry "ENG"]
[SourceTitle "The Week in Chess 1399"]
[Source "Mark Crowther"]
[SourceDate "2021.08.30"]
[SourceVersion "1"]
[SourceVersionDate "2021.08.30"]
[SourceQuality "2"]

1. d4 d5 2. c4 c6 3. Nf3 Nf6 4. g3 Bf5 5. Bg2 e6 6. O-O Nbd7 7. Nc3 h6 8. Qb3
Qb6 9. c5 Qc7 10. Bf4 Qc8 11. Qd1 Be7 12. b4 O-O 13. Qb3 Ne4 14. Nxe4 Bxe4 15.
Nd2 Bxg2 16. Kxg2 Bf6 17. Qc3 Re8 18. Be5 Be7 19. e4 Bf8 20. Bf4 g5 21. Be3
dxe4 22. Nxe4 f5 23. Nd2 Nf6 24. f4 g4 25. Nc4 Qd7 26. Ne5 Qd5+ 27. Kg1 Bg7 28.
Qc4 Qd8 29. Rab1 Nd5 30. Bf2 Bxe5 31. dxe5 a6 32. a4 Re7 33. Rb3 Rd7 34. Rfb1
Nc7 35. Kg2 Rd5 36. Rc1 Qd7 37. Rc2 Rd8 38. Rbb2 Rd3 39. Be1 Rd4 40. Qe2 Qd5+
41. Kg1 Kf7 42. Rd2 Ke7 43. Qf2 Qe4 44. Re2 Qd3 45. Red2 Qc4 46. Rdc2 Qd5 47.
Rd2 Rxd2 48. Rxd2 Qb3 49. Rd6 Qxa4 50. h3 Nd5 51. hxg4 Rg8 52. Qh2 Qd1 53. Qh4+
Kf7 54. Rd7+ Kf8 55. Qd8# 1-0